000 00540nam a22001577a 4500
003 OSt
005 20250620064624.0
008 250620b |||||||| |||| 00| 0 eng d
020 _a978-621-416-023-5
040 _aDWCL - Main lib
_cOC
082 _aFil. 657.45 C117c 2018
245 _aCPA examination reviewer in auditing problems/
260 _aManila, Philippines:
_bGIC enterprises & co. inc.,
_c c2018.
300 _axviii , various pagings :
_b illustrations ;
_c23cm.
942 _2ddc
_cBK - FIL
_e2018 edition
_kFil. 657.45 C117c 2018
_n0
999 _c3203
_d3203